[Event "Seniorenkampioenschap 2014"]
[Site "Oosterbeek, Netherlands"]
[Date "2014.07.05"]
[Round "1"]
[White "Lootsma, Jan"]
[Black "Schouten, Nico"]
[Result "0-1"]
[WhiteElo "1991"]
[BlackElo "2232"]
[PlyCount "74"]
[EventDate "2014.??.??"]

1. e4 e5 2. Nf3 Nc6 3. Bc4 Be7 4. d4 exd4 5. Nxd4 Ne5 6. Be2 d6 7. O-O Nf6 8.
Nc3 O-O 9. f4 Ng6 10. Be3 Re8 11. h3 Bf8 12. Bf3 c6 13. g4 c5 14. Nde2 d5 15.
e5 d4 16. exf6 Rxe3 17. fxg7 Bxg7 18. Ne4 Qe7 19. N4g3 Bd7 20. Nh5 Nh4 21. Neg3
Bb5 22. Rf2 Re8 23. Nxg7 Kxg7 24. g5 Kg8 25. Kh2 Qd6 26. Bxb7 Bd7 27. Qh5 Rxg3
28. Kxg3 Re3+ 29. Kh2 Rxh3+ 30. Kg1 Ng6 31. Qd1 Nxf4 32. Qd2 Rg3+ 33. Kf1 Bb5+
34. Re2 Bxe2+ 35. Kf2 Re3 36. Rh1 Nd3+ 37. cxd3 Qg3# 0-1

[Event "Seniorenkampioenschap 2014"]
[Site "Oosterbeek, Netherlands"]
[Date "2014.07.05"]
[Round "1"]
[White "Vogel, Jaap"]
[Black "Etmans, Maarten"]
[Result "1/2-1/2"]
[WhiteElo "2217"]
[BlackElo "1979"]
[PlyCount "31"]
[EventDate "2014.??.??"]

1. d4 d6 2. c4 Nd7 3. Nf3 e5 4. Nc3 Ngf6 5. g3 Be7 6. Bg2 O-O 7. O-O c6 8. Qc2
Qc7 9. b3 Re8 10. Rd1 Bf8 11. e4 b5 12. c5 dxc5 13. dxe5 Nxe5 14. Nxe5 Qxe5 15.
Bf4 Qh5 16. f3 1/2-1/2

[Event "Seniorenkampioenschap 2014"]
[Site "Oosterbeek, Netherlands"]
[Date "2014.07.05"]
[Round "1"]
[White "Landsbergen, Ron"]
[Black "Van den Berg, Ad"]
[Result "0-1"]
[WhiteElo "1977"]
[BlackElo "2187"]
[PlyCount "82"]
[EventDate "2014.??.??"]

1. e4 c5 2. Nc3 e6 3. g3 d5 4. exd5 exd5 5. Bg2 Nf6 6. d3 d4 7. Ne4 Nxe4 8.
Bxe4 Nd7 9. Bg2 Nf6 10. Ne2 Bd6 11. O-O O-O 12. Bg5 h6 13. Bf4 Bg4 14. Bxd6
Qxd6 15. h3 Bd7 16. Nf4 Rae8 17. h4 Re5 18. Qd2 Rfe8 19. Rfe1 b6 20. Rxe5 Qxe5
21. Bf3 Bg4 22. Bxg4 Nxg4 23. Ng2 Qd5 24. Re1 Ne5 25. Kf1 Re6 26. Qf4 f6 27.
Qe4 Qxe4 28. Rxe4 Kf7 29. Ne1 f5 30. Re2 g5 31. hxg5 hxg5 32. f4 gxf4 33. gxf4
Ng4 34. Rxe6 Kxe6 35. Ng2 Kd5 36. Ke2 b5 37. Kd2 a5 38. Ke2 a4 39. Kd2 b4 40.
b3 a3 41. Ke2 Ke6 0-1

[Event "Seniorenkampioenschap 2014"]
[Site "Oosterbeek, Netherlands"]
[Date "2014.07.05"]
[Round "1"]
[White "Markus, John"]
[Black "Goossen, Theo"]
[Result "1-0"]
[WhiteElo "2127"]
[BlackElo "1970"]
[PlyCount "83"]
[EventDate "2014.??.??"]

1. d4 d5 2. e4 dxe4 3. Nc3 Nf6 4. Bg5 Bf5 5. Bxf6 exf6 6. Qe2 Nc6 7. O-O-O Bd6
8. d5 Ne5 9. Nxe4 O-O 10. Ng3 Bd7 11. Kb1 b5 12. Qd2 a5 13. Bd3 Ng6 14. N1e2 a4
15. Ne4 Qe7 16. h4 f5 17. Nxd6 Qxd6 18. h5 Ne5 19. Qf4 b4 20. Bxf5 b3 21. cxb3
axb3 22. axb3 Rfe8 23. Bxd7 Qxd7 24. Nc3 Ra6 25. h6 Rf6 26. Qg5 Rg6 27. Qf4 Rf6
28. Qa4 Rxf2 29. hxg7 Rxg2 30. Rhe1 Qf5+ 31. Qe4 Qxe4+ 32. Nxe4 Kxg7 33. d6
cxd6 34. Nxd6 Re6 35. Nf5+ Kf6 36. Rf1 Kg5 37. Nd4 Rf6 38. Rxf6 Kxf6 39. Rf1+
Kg6 40. Nf5 Kg5 41. Ne3 Re2 42. Rf5+ 1-0

[Event "Seniorenkampioenschap 2014"]
[Site "Oosterbeek, Netherlands"]
[Date "2014.07.05"]
[Round "1"]
[White "Wagenaar, Harm Theo"]
[Black "Van Oosten, Arend"]
[Result "0-1"]
[WhiteElo "1970"]
[BlackElo "2100"]
[PlyCount "42"]
[EventDate "2014.??.??"]

1. d4 f5 2. Bg5 g6 3. Nd2 Bg7 4. e4 fxe4 5. Nxe4 d5 6. Nc5 b6 7. Nb3 Nf6 8. Bd3
O-O 9. Qe2 Nc6 10. Bb5 Qd6 11. O-O-O Bf5 12. Bxc6 Qxc6 13. f3 a5 14. g4 a4 15.
Na1 Nxg4 16. h4 Nf6 17. Qxe7 a3 18. Qb4 Ra4 19. Qb3 Rfa8 20. Rh2 axb2+ 21. Kxb2
R8a5 0-1

[Event "Seniorenkampioenschap 2014"]
[Site "Oosterbeek, Netherlands"]
[Date "2014.07.05"]
[Round "1"]
[White "Van Lanen, Toon"]
[Black "Calje, Tom"]
[Result "1-0"]
[WhiteElo "2098"]
[BlackElo "1961"]
[PlyCount "63"]
[EventDate "2014.??.??"]

1. e4 d6 2. d4 Nf6 3. Nc3 c6 4. a4 Qa5 5. Bd3 e5 6. Nge2 Be7 7. O-O O-O 8. Kh1
Na6 9. f4 exd4 10. Nxd4 Nc5 11. Be3 Nxd3 12. cxd3 Bg4 13. Qe1 Qh5 14. Rc1 Nd7
15. Rc2 Nc5 16. Rd2 Bf6 17. Qf2 Bh4 18. Qg1 Bf6 19. b4 Nd7 20. Rc2 Rfe8 21. Qf2
d5 22. Qd2 Rad8 23. exd5 Nb6 24. dxc6 Bxd4 25. Bxd4 Rxd4 26. cxb7 Rdd8 27. Nb5
Re2 28. Qc1 Rxc2 29. Qxc2 Nd7 30. Qc7 Re8 31. Nd6 Rb8 32. Qc8+ 1-0

[Event "Seniorenkampioenschap 2014"]
[Site "Oosterbeek, Netherlands"]
[Date "2014.07.05"]
[Round "1"]
[White "Pols, Leendert"]
[Black "Viergever, Max"]
[Result "1/2-1/2"]
[WhiteElo "1961"]
[BlackElo "2081"]
[PlyCount "74"]
[EventDate "2014.??.??"]

1. d4 d6 2. Nf3 Nd7 3. c4 e5 4. Nc3 Be7 5. e4 Ngf6 6. Bd3 exd4 7. Nxd4 Nc5 8.
Bc2 Bg4 9. f3 Bd7 10. O-O a5 11. Nd5 c6 12. Nxe7 Qxe7 13. Nf5 Bxf5 14. exf5 O-O
15. Re1 Qc7 16. Bg5 Ncd7 17. Kh1 Rae8 18. Qd2 Rxe1+ 19. Rxe1 Re8 20. Rxe8+ Nxe8
21. Qe2 Ndf6 22. b3 Kf8 23. Bd2 b6 24. Qf2 c5 25. g4 Qe7 26. Bc3 Nd7 27. Be4
Ne5 28. Qg3 Nf6 29. h3 Qe8 30. Qe1 Nxe4 31. Qxe4 f6 32. Kg2 Nf7 33. Qxe8+ Kxe8
34. f4 Nd8 35. Kf3 Nc6 36. a3 Ne7 37. Ke4 Kf7 1/2-1/2

[Event "Seniorenkampioenschap 2014"]
[Site "Oosterbeek, Netherlands"]
[Date "2014.07.05"]
[Round "1"]
[White "Van Wageningen, Arie"]
[Black "Scheeren, Fred"]
[Result "1/2-1/2"]
[WhiteElo "2079"]
[BlackElo "1941"]
[PlyCount "114"]
[EventDate "2014.??.??"]

1. Nf3 d5 2. d4 Nf6 3. g3 c5 4. c4 e6 5. cxd5 exd5 6. Bg2 Nc6 7. O-O Be7 8. Nc3
O-O 9. dxc5 Bxc5 10. Bg5 Be6 11. Rc1 Be7 12. Nd4 h6 13. Bxf6 Bxf6 14. Nxe6 fxe6
15. e3 Qe7 16. Qe2 Rac8 17. Rfd1 Rfd8 18. Bh3 Qf7 19. Na4 b6 20. b3 Ne5 21.
Rxc8 Rxc8 22. f4 Nd7 23. e4 dxe4 24. Qxe4 Nf8 25. Bf1 Qe8 26. Ba6 Rd8 27. Rc1
b5 28. Nc3 Bxc3 29. Rxc3 Rd1+ 30. Kg2 Rd2+ 31. Kf1 Rxa2 32. Bb7 Qh5 33. h4 Qd1+
34. Qe1 Qd4 35. Be4 b4 36. Rc4 Qb2 37. Rc2 Qxb3 38. Rxa2 Qxa2 39. Qxb4 a5 40.
Qc3 Qa4 41. Bc2 Qb5+ 42. Ke1 Qd5 43. Kf2 Nd7 44. Ke2 Qc5 45. Qd3 Nf6 46. Qb3
Nd5 47. f5 exf5 48. Bd3 Kf8 49. Bc4 Qe7+ 50. Kf2 Nb4 51. Be6 Qd6 52. Qc4 g6 53.
h5 gxh5 54. Qc8+ Kg7 55. Bxf5 Qd4+ 56. Kg2 Qd5+ 57. Kh2 Qe5 1/2-1/2

[Event "Seniorenkampioenschap 2014"]
[Site "Oosterbeek, Netherlands"]
[Date "2014.07.05"]
[Round "1"]
[White "Seeleman, Jan"]
[Black "Hoynck van Papendrecht, Fr"]
[Result "0-1"]
[WhiteElo "1931"]
[BlackElo "2074"]
[PlyCount "66"]
[EventDate "2014.??.??"]

1. e4 e6 2. d4 d5 3. Nc3 Nc6 4. Nf3 Nf6 5. Bg5 Be7 6. e5 Ne4 7. Bxe7 Qxe7 8. a3
f6 9. exf6 gxf6 10. Qd3 f5 11. Qe3 Bd7 12. Ne2 O-O-O 13. Nf4 Be8 14. O-O-O Kb8
15. Kb1 a6 16. Nd3 Bh5 17. Nf4 Bf7 18. Nd3 Bh5 19. Nf4 Bg6 20. h4 Rd6 21. Ka1
Rc8 22. c4 dxc4 23. Bxc4 Rcd8 24. Rd3 Be8 25. Ne2 Na5 26. Ba2 Bb5 27. Rdd1 Bc4
28. Bxc4 Nxc4 29. Qb3 Nb6 30. Rdf1 Nd5 31. Nc3 Ndxc3 32. bxc3 Rb6 33. Qa2 Nxc3
0-1

[Event "Seniorenkampioenschap 2014"]
[Site "Oosterbeek, Netherlands"]
[Date "2014.07.05"]
[Round "1"]
[White "Jonkman, Fokke"]
[Black "Thieme, Wim"]
[Result "0-1"]
[WhiteElo "2044"]
[BlackElo "1927"]
[PlyCount "77"]
[EventDate "2014.??.??"]

1. c4 Nf6 2. Nc3 d5 3. cxd5 Nxd5 4. Nf3 Nxc3 5. dxc3 Qxd1+ 6. Kxd1 g6 7. e4 Bg7
8. Bf4 c6 9. Kc2 Nd7 10. a4 Nc5 11. Nd2 O-O 12. Be3 Ne6 13. Bc4 Rd8 14. a5 Nc7
15. h4 h5 16. Bg5 Bf8 17. Bf4 Ne6 18. Be3 Nc7 19. f3 Be6 20. Be2 Ne8 21. Rhd1
Nf6 22. Nb3 Bxb3+ 23. Kxb3 a6 24. Bb6 Rd7 25. Kc2 e6 26. Bd4 Be7 27. Rd3 Ne8
28. g3 Nc7 29. Rad1 Rad8 30. b4 Nb5 31. Bb6 Rxd3 32. Bxd3 Rd7 33. f4 f5 34.
exf5 exf5 35. Bc4+ Rd5 36. Bxd5+ cxd5 37. Rxd5 Kf7 38. Rd7 Nd6 39. Bd8 0-1

[Event "Seniorenkampioenschap 2014"]
[Site "Oosterbeek, Netherlands"]
[Date "2014.07.05"]
[Round "1"]
[White "Burer, Audry"]
[Black "Smeets, Pierre"]
[Result "1/2-1/2"]
[WhiteElo "1922"]
[BlackElo "2043"]
[PlyCount "40"]
[EventDate "2014.??.??"]

1. e4 e6 2. d4 d5 3. Nd2 Nf6 4. e5 Nfd7 5. Bd3 c5 6. c3 Nc6 7. Ne2 cxd4 8. cxd4
f6 9. exf6 Nxf6 10. Nf3 Bd6 11. O-O Qc7 12. g3 O-O 13. Bf4 Ne4 14. Rc1 Bxf4 15.
Nxf4 Rxf4 16. gxf4 Qxf4 17. Bxe4 dxe4 18. Ne5 Nxe5 19. dxe5 Bd7 20. Qxd7 Qg4+
1/2-1/2

[Event "Seniorenkampioenschap 2014"]
[Site "Oosterbeek, Netherlands"]
[Date "2014.07.05"]
[Round "1"]
[White "Van Leeuwen, Etienne"]
[Black "Mostertman, Loek"]
[Result "1/2-1/2"]
[WhiteElo "2013"]
[BlackElo "1901"]
[PlyCount "69"]
[EventDate "2014.??.??"]

1. e4 e5 2. Nf3 Nc6 3. d4 exd4 4. Bc4 Nf6 5. e5 Qe7 6. O-O Nxe5 7. Nxe5 Qxe5 8.
Re1 Ne4 9. f3 d5 10. Bxd5 Qxd5 11. Nc3 Qh5 12. Nxe4 Be6 13. Qxd4 Rd8 14. Qxa7
Qb5 15. a4 Qc6 16. Qf2 Be7 17. Be3 b6 18. c3 O-O 19. Qg3 f5 20. Ng5 Bb3 21. Bd4
Bf6 22. Bxf6 Rxf6 23. f4 Rd2 24. Nf3 Rxb2 25. Nd4 Qd5 26. Re5 Qf7 27. Rae1 Bxa4
28. Re7 Qg6 29. Rxc7 Rf7 30. Rc8+ Rf8 31. Rc7 Rf7 32. Qxg6 hxg6 33. Ree7 Rxe7
34. Rxe7 Bc2 35. Nxc2 1/2-1/2

[Event "Seniorenkampioenschap 2014"]
[Site "Oosterbeek, Netherlands"]
[Date "2014.07.06"]
[Round "2"]
[White "Schouten, Nico"]
[Black "Van Lanen, Toon"]
[Result "0-1"]
[WhiteElo "2232"]
[BlackElo "2098"]
[PlyCount "104"]
[EventDate "2014.??.??"]

1. d4 f5 2. c4 Nf6 3. Nc3 e6 4. Bg5 Bb4 5. Qc2 O-O 6. e3 b6 7. Nf3 Bb7 8. Be2
d6 9. O-O Bxc3 10. Qxc3 Ne4 11. Bxd8 Nxc3 12. bxc3 Rxd8 13. Nd2 Nd7 14. Rfe1
Kf7 15. Bd3 h6 16. Rab1 Kf6 17. Nb3 a5 18. Na1 Ba6 19. Nc2 e5 20. Bf1 Re8 21.
Na3 Re7 22. g3 Rc8 23. Bg2 e4 24. Rbd1 Rce8 25. Rd2 g6 26. Bf1 Rc8 27. Be2 h5
28. Bd1 Nf8 29. Kg2 Ne6 30. Nb5 Bxb5 31. cxb5 h4 32. Kg1 Rh8 33. c4 g5 34. gxh4
g4 35. Kg2 Rxh4 36. Rh1 Rh3 37. Rc2 Kg5 38. Kg1 f4 39. d5 Nc5 40. exf4+ Kxf4
41. Kf1 Reh7 42. Kg2 R7h4 43. Be2 Nd3 44. Bxd3 exd3 45. Rd2 Ke4 46. Re1+ Kd4
47. Kg1 Kc3 48. Red1 Rh7 49. f3 Rxf3 50. Rg2 Rf4 51. Ra1 Kd4 52. a3 Re7 0-1

[Event "Seniorenkampioenschap 2014"]
[Site "Oosterbeek, Netherlands"]
[Date "2014.07.06"]
[Round "2"]
[White "Van den Berg, Ad"]
[Black "Jonkman, Fokke"]
[Result "1-0"]
[WhiteElo "2187"]
[BlackElo "2044"]
[PlyCount "107"]
[EventDate "2014.??.??"]

1. Nf3 c5 2. e4 g6 3. d4 cxd4 4. Nxd4 Bg7 5. Nc3 Nc6 6. Be3 Nf6 7. Be2 O-O 8.
f4 d6 9. O-O Qb6 10. Qd3 Ng4 11. Bxg4 Bxd4 12. Bxd4 Qxd4+ 13. Qxd4 Nxd4 14. Bd1
e6 15. g4 f5 16. exf5 gxf5 17. g5 Bd7 18. Rf2 Bc6 19. Nb1 Be4 20. c3 Nc6 21.
Nd2 d5 22. h4 Kf7 23. Ba4 Ne7 24. Re1 Rad8 25. Bb3 b5 26. h5 Rg8 27. Kh2 Nc6
28. Kg3 Ke7 29. Kh4 Na5 30. Rfe2 Nb7 31. Nf3 Rd6 32. Nd4 a6 33. a4 Nc5 34. axb5
axb5 35. Ra1 Rgd8 36. Bd1 Nd3 37. Kg3 Nc5 38. b4 Nd7 39. Ra7 Rb6 40. Rea2 Rc8
41. R2a3 Bd3 42. Nf3 Rd6 43. Ne5 Bf1 44. Kf2 Bc4 45. h6 d4 46. cxd4 Bd5 47.
Rxd7+ Rxd7 48. Nxd7 Rc1 49. Ne5 Rxd1 50. Ra7+ Kd8 51. Rxh7 Rxd4 52. g6 Rxf4+
53. Kg3 Rxb4 54. g7 1-0

[Event "Seniorenkampioenschap 2014"]
[Site "Oosterbeek, Netherlands"]
[Date "2014.07.06"]
[Round "2"]
[White "Van Oosten, Arend"]
[Black "Markus, John"]
[Result "0-1"]
[WhiteElo "2100"]
[BlackElo "2127"]
[PlyCount "102"]
[EventDate "2014.??.??"]

1. e4 g6 2. d4 Bg7 3. Nc3 d6 4. Be3 a6 5. Qd2 b5 6. a3 Nd7 7. h4 Ngf6 8. f3 Bb7
9. Rd1 h6 10. Nh3 Nb6 11. b3 Nfd7 12. h5 g5 13. Nf2 c5 14. Ne2 Qc7 15. c3 O-O-O
16. Nc1 e6 17. Bd3 c4 18. bxc4 Nxc4 19. Bxc4 Qxc4 20. Nfd3 f5 21. Nb2 Qc7 22.
exf5 exf5 23. Ne2 d5 24. a4 Rde8 25. O-O Nf6 26. axb5 Qe7 27. Ng3 Qxe3+ 28.
Qxe3 Rxe3 29. Nxf5 Re2 30. Nd3 Bf8 31. Ra1 axb5 32. Rfb1 Nxh5 33. Ne5 Rh7 34.
Rxb5 Rc7 35. Rab1 Nf4 36. g3 Ne6 37. Ng6 Ba3 38. R1b3 Ra2 39. Ra5 Ra1+ 40. Kg2
Bb2 41. Rab5 Bxc3 42. Nd6+ Kd7 43. Nxb7 Nxd4 44. Rxd5+ Ke6 45. Rd6+ Kf7 46.
Ne5+ Kg7 47. Rbb6 Nf5 48. Rd7+ Rxd7 49. Nxd7 Bd4 50. Rb5 Rg1+ 51. Kh2 Nxg3 0-1

[Event "Seniorenkampioenschap 2014"]
[Site "Oosterbeek, Netherlands"]
[Date "2014.07.06"]
[Round "2"]
[White "Hoynck van Papendrecht, Fr"]
[Black "Vogel, Jaap"]
[Result "0-1"]
[WhiteElo "2074"]
[BlackElo "2217"]
[PlyCount "72"]
[EventDate "2014.??.??"]

1. d4 e6 2. Nf3 Nf6 3. Bg5 h6 4. Bh4 c5 5. e3 Nc6 6. Nbd2 Be7 7. c3 b6 8. Bb5
Bb7 9. Bxf6 gxf6 10. e4 a6 11. Bd3 cxd4 12. cxd4 d5 13. exd5 Nb4 14. Be2 Nxd5
15. g3 Kf8 16. O-O Rc8 17. Rc1 Rxc1 18. Qxc1 Kg7 19. Nc4 Qc7 20. Ne3 Rc8 21.
Qd2 f5 22. Ne5 Nf6 23. f3 Rd8 24. Rd1 b5 25. a3 Nd5 26. Nd3 Qb6 27. Nf2 Nxe3
28. Qxe3 Bf6 29. Qb3 Rxd4 30. Kg2 Bg5 31. Qc2 Bf6 32. Nd3 Rc4 33. Qd2 Bg5 34.
Qe1 Rc2 35. Nb4 Bxf3+ 36. Kxf3 Qe3+ 0-1

[Event "Seniorenkampioenschap 2014"]
[Site "Oosterbeek, Netherlands"]
[Date "2014.07.06"]
[Round "2"]
[White "Viergever, Max"]
[Black "Burer, Audry"]
[Result "1-0"]
[WhiteElo "2081"]
[BlackElo "1922"]
[PlyCount "115"]
[EventDate "2014.??.??"]

1. e4 c5 2. c3 b6 3. d4 Bb7 4. f3 e6 5. Bd3 cxd4 6. cxd4 Nc6 7. Ne2 Qh4+ 8. Kf1
d5 9. exd5 exd5 10. Bf4 Be7 11. Nbc3 Nf6 12. Bg3 Qh6 13. Qc1 Qxc1+ 14. Rxc1 O-O
15. Kf2 Rad8 16. Bf5 Ne8 17. Nb5 Nd6 18. Nxd6 Bxd6 19. Rhd1 Bxg3+ 20. hxg3 g6
21. Bb1 Rfe8 22. a3 Rd6 23. Rd2 Ba6 24. Bd3 Bxd3 25. Rxd3 g5 26. Re3 Rde6 27.
Rxe6 Rxe6 28. b4 a6 29. Rd1 Ne7 30. Rc1 Nf5 31. Rc3 Nd6 32. Re3 Rxe3 33. Kxe3
Nc4+ 34. Kd3 b5 35. Nc3 Nb6 36. Kc2 Kf8 37. Kb3 Ke7 38. a4 bxa4+ 39. Nxa4 Na8
40. Nc5 Nc7 41. Ka4 Kd6 42. Ka5 Kc6 43. Nxa6 Ne6 44. b5+ Kd6 45. b6 Nxd4 46. b7
Nc6+ 47. Kb5 h5 48. b8=Q+ Nxb8 49. Nxb8 h4 50. gxh4 gxh4 51. Nc6 Ke6 52. Nd4+
Ke5 53. Ne2 Kf5 54. Kc5 Ke5 55. Kb4 Kf5 56. Kc3 Ke5 57. Kd3 Ke6 58. Kd4 1-0

[Event "Seniorenkampioenschap 2014"]
[Site "Oosterbeek, Netherlands"]
[Date "2014.07.06"]
[Round "2"]
[White "Etmans, Maarten"]
[Black "Van Wageningen, Arie"]
[Result "1/2-1/2"]
[WhiteElo "1979"]
[BlackElo "2079"]
[PlyCount "45"]
[EventDate "2014.??.??"]

1. e4 e6 2. d4 d5 3. Nc3 Nf6 4. e5 Nfd7 5. Nf3 c5 6. dxc5 Bxc5 7. Bd3 Nc6 8.
Bf4 h6 9. Bg3 Be7 10. O-O Nc5 11. Re1 Nxd3 12. Qxd3 O-O 13. Nb5 Qb6 14. Nbd4
Bd7 15. c3 Rac8 16. h4 Na5 17. Rab1 Nc4 18. h5 Qd8 19. b3 Na3 20. Rbc1 a6 21.
Bf4 Nb5 22. a4 Nxd4 23. Nxd4 1/2-1/2

[Event "Seniorenkampioenschap 2014"]
[Site "Oosterbeek, Netherlands"]
[Date "2014.07.06"]
[Round "2"]
[White "Smeets, Pierre"]
[Black "Pols, Leendert"]
[Result "1/2-1/2"]
[WhiteElo "2043"]
[BlackElo "1961"]
[PlyCount "32"]
[EventDate "2014.??.??"]

1. d4 d5 2. Nf3 Nf6 3. Bg5 c6 4. e3 Bf5 5. Bd3 Bxd3 6. Qxd3 Nbd7 7. Nbd2 h6 8.
Bh4 e6 9. O-O Be7 10. Rfe1 O-O 11. e4 dxe4 12. Nxe4 Nxe4 13. Bxe7 Qxe7 14. Qxe4
Rad8 15. Rad1 Nf6 16. Qe2 Qc7 1/2-1/2

[Event "Seniorenkampioenschap 2014"]
[Site "Oosterbeek, Netherlands"]
[Date "2014.07.06"]
[Round "2"]
[White "Scheeren, Fred"]
[Black "Van Leeuwen, Etienne"]
[Result "1/2-1/2"]
[WhiteElo "1941"]
[BlackElo "2013"]
[PlyCount "78"]
[EventDate "2014.??.??"]

1. e4 d5 2. exd5 Nf6 3. d4 Nxd5 4. c4 Nb6 5. Nc3 e5 6. dxe5 Qxd1+ 7. Nxd1 Nc6
8. Nf3 Bg4 9. Be2 O-O-O 10. Ne3 Bxf3 11. Bxf3 Nxe5 12. Be2 Bb4+ 13. Kf1 Bc5 14.
b3 Rhe8 15. g3 Nd3 16. Bxd3 Rxd3 17. Ke2 Rd7 18. Bd2 c6 19. Rad1 Rde7 20. Kf3
g6 21. Nc2 Nd7 22. Be3 Bxe3 23. Nxe3 f5 24. Rhe1 Nf6 25. h3 Ne4 26. h4 Kc7 27.
Rd3 Rd8 28. Rxd8 Kxd8 29. Rd1+ Rd7 30. Rxd7+ Kxd7 31. Nd1 Kd6 32. Ke3 Kc5 33.
a3 a5 34. Nb2 Kd6 35. Nd3 b6 36. b4 Nc3 37. Kd4 Ne2+ 38. Ke3 Nc3 39. Kd4 Ne2+
1/2-1/2

[Event "Seniorenkampioenschap 2014"]
[Site "Oosterbeek, Netherlands"]
[Date "2014.07.06"]
[Round "2"]
[White "Mostertman, Loek"]
[Black "Lootsma, Jan"]
[Result "1/2-1/2"]
[WhiteElo "1901"]
[BlackElo "1991"]
[PlyCount "116"]
[EventDate "2014.??.??"]

1. Nf3 e6 2. e4 d5 3. Nc3 Nf6 4. exd5 exd5 5. d4 Bd6 6. Bg5 c6 7. Bd3 O-O 8.
O-O Bg4 9. h3 Bh5 10. Re1 Nbd7 11. g4 Bg6 12. Bxg6 hxg6 13. Ne5 Qc7 14. f4 Rfe8
15. Qf3 Qb6 16. Kg2 Qxd4 17. Rad1 Qc5 18. Nd3 Qa5 19. Bh4 b5 20. a3 Qc7 21. Bf2
a5 22. b4 axb4 23. axb4 Rxe1 24. Rxe1 Ra3 25. Bd4 Nf8 26. g5 Nh5 27. f5 Qd7 28.
Ne5 Bxe5 29. Rxe5 f6 30. Re3 Qxf5 31. Qxf5 gxf5 32. Nxd5 Ra2 33. Ne7+ Kf7 34.
Nxf5 Rxc2+ 35. Kf3 fxg5 36. Re7+ Kg6 37. Nxg7 Nxg7 38. Rxg7+ Kh6 39. Re7 Ng6
40. Re6 Kh5 41. Bc5 Rc3+ 42. Ke4 Rc4+ 43. Ke3 Rc3+ 44. Ke4 Rxh3 45. Rxc6 Rh4+
46. Kd5 g4 47. Rc7 g3 48. Rh7+ Kg4 49. Rxh4+ Nxh4 50. Kc6 Kf3 51. Kxb5 Nf5 52.
Kc4 Ne3+ 53. Kd3 Ng4 54. Kd2 g2 55. Bg1 Nf2 56. b5 Nh3 57. Bh2 Ng5 58. Ke1 Ne4
1/2-1/2

[Event "Seniorenkampioenschap 2014"]
[Site "Oosterbeek, Netherlands"]
[Date "2014.07.06"]
[Round "2"]
[White "Calje, Tom"]
[Black "Landsbergen, Ron"]
[Result "1-0"]
[WhiteElo "1961"]
[BlackElo "1977"]
[PlyCount "55"]
[EventDate "2014.??.??"]

1. f4 c5 2. Nf3 Nf6 3. g3 g6 4. Bg2 Bg7 5. d3 d5 6. O-O Nc6 7. Nc3 O-O 8. e3 a6
9. Qe2 d4 10. Ne4 Nxe4 11. dxe4 Qb6 12. h3 Rd8 13. Kh1 Qb5 14. Qf2 d3 15. c3 h6
16. g4 Be6 17. Nd2 c4 18. e5 Bc8 19. e4 Na5 20. Nf3 b6 21. Nd4 Qd7 22. f5 Bxe5
23. fxg6 f6 24. Qh4 e6 25. Bxh6 Ra7 26. Nf3 Qe8 27. Nxe5 fxe5 28. Rf8+ 1-0

[Event "Seniorenkampioenschap 2014"]
[Site "Oosterbeek, Netherlands"]
[Date "2014.07.06"]
[Round "2"]
[White "Goossen, Theo"]
[Black "Seeleman, Jan"]
[Result "1/2-1/2"]
[WhiteElo "1970"]
[BlackElo "1931"]
[PlyCount "97"]
[EventDate "2014.??.??"]

1. e4 c5 2. Nc3 Nc6 3. f4 d6 4. Nf3 g6 5. Bb5 Bd7 6. O-O Bg7 7. d3 e6 8. Kh1
Nge7 9. Be3 Nd4 10. Bxd7+ Qxd7 11. Rb1 O-O 12. Ne2 Nxe2 13. Qxe2 b6 14. Qf2 d5
15. Qh4 f5 16. e5 d4 17. Bd2 Nd5 18. Ne1 a5 19. c3 Ra7 20. a3 b5 21. cxd4 cxd4
22. Qf2 Ne7 23. Nf3 Nc6 24. Rfc1 Rb8 25. Be1 Bf8 26. Qc2 Ra6 27. Bf2 Qd5 28.
Bh4 a4 29. Kg1 b4 30. axb4 Rxb4 31. Be1 Rb3 32. Nd2 Nb4 33. Qc4 Rxd3 34. Qxd5
Nxd5 35. g3 Ra8 36. Rc6 Kf7 37. Kf1 Rb8 38. Ke2 Re3+ 39. Kf2 Bb4 40. Nc4 Bxe1+
41. Rxe1 Rxe1 42. Kxe1 Ke7 43. Kd2 Rb3 44. Ra6 Ne3 45. Ra7+ Kd8 46. Rxa4 Nxc4+
47. Rxc4 Rxb2+ 48. Kd3 Rxh2 49. Rxd4+ 1/2-1/2

[Event "Seniorenkampioenschap 2014"]
[Site "Oosterbeek, Netherlands"]
[Date "2014.07.06"]
[Round "2"]
[White "Thieme, Wim"]
[Black "Wagenaar, Harm Theo"]
[Result "1-0"]
[WhiteElo "1927"]
[BlackElo "1970"]
[PlyCount "80"]
[EventDate "2014.??.??"]

1. e4 c5 2. Nf3 a6 3. d4 cxd4 4. Nxd4 Nf6 5. Nc3 e5 6. Nb3 Bb4 7. Bd2 d6 8. Bd3
O-O 9. O-O Nc6 10. a3 Bxc3 11. Bxc3 Be6 12. Nd2 d5 13. exd5 Bxd5 14. Bc4 Re8
15. Qe2 b5 16. Bxd5 Qxd5 17. Rad1 Nd4 18. Bxd4 Qxd4 19. c3 Qf4 20. Qf3 Qa4 21.
Qf5 Rad8 22. Qb1 Qf4 23. Nf3 Rxd1 24. Qxd1 e4 25. Nd4 Ng4 26. g3 Qg5 27. Qe2
Nf6 28. Qe3 Qe5 29. f3 Qc5 30. Nc2 Qc4 31. Qd4 Qe2 32. Rf2 Qc4 33. Qxc4 bxc4
34. Ne3 exf3 35. Nxc4 Re1+ 36. Rf1 Re4 37. Nd2 Re2 38. Rf2 Re1+ 39. Nf1 Re2 40.
b4 Ra2 1-0

[Event "Seniorenkampioenschap 2014"]
[Site "Oosterbeek, Netherlands"]
[Date "2014.07.07"]
[Round "3"]
[White "Markus, John"]
[Black "Berg, Ad van den"]
[Result "1/2-1/2"]
[WhiteElo "2127"]
[BlackElo "2187"]
[PlyCount "125"]
[EventDate "2014.??.??"]

1. d4 c5 2. e3 Nf6 3. c3 e6 4. Nf3 b6 5. Nbd2 Bb7 6. Bd3 Nc6 7. O-O Qc8 8. a3
d5 9. Ne5 c4 10. Bc2 Nxe5 11. dxe5 Nd7 12. f4 g6 13. Nf3 b5 14. Nd4 a6 15. Bd2
Be7 16. Be1 O-O 17. h4 Nc5 18. h5 Ne4 19. Qg4 Kh8 20. Rf3 Rg8 21. h6 Qd7 22.
Rh3 Raf8 23. Bxe4 dxe4 24. Bh4 Bd5 25. Bg5 f5 26. exf6 Bxf6 27. Qh4 Qe7 28.
Bxf6+ Qxf6 29. Qxf6+ Rxf6 30. Rg3 Rb8 31. Rg5 Kg8 32. Re5 Rb6 33. g4 Kf8 34.
Rf1 Ke7 35. g5 Rf8 36. Ra1 a5 37. Nc2 Rfb8 38. Rd1 Rd8 39. Nd4 b4 40. axb4 axb4
41. cxb4 Ra8 42. Ne2 Rxb4 43. Rdxd5 Rxb2 44. Ra5 Rxa5 45. Rxa5 Rxe2 46. Rc5 Rc2
47. Rc7+ Kd6 48. Rxh7 Rc1+ 49. Kg2 Rc2+ 50. Kf1 c3 51. Ke1 Rh2 52. Kd1 Kc5 53.
Rc7+ Kb4 54. Kc1 Kb3 55. Rd7 c2 56. Rb7+ Kc3 57. Rc7+ Kd3 58. Kb2 Kxe3 59. Rxc2
Rh5 60. Rc6 Kxf4 61. Rxe6 Rxg5 62. h7 Rh5 63. Re7 1/2-1/2

[Event "Seniorenkampioenschap 2014"]
[Site "Oosterbeek, Netherlands"]
[Date "2014.07.07"]
[Round "3"]
[White "Lanen, Toon van"]
[Black "Viergever, Max"]
[Result "1-0"]
[WhiteElo "2098"]
[BlackElo "2081"]
[PlyCount "53"]
[EventDate "2014.??.??"]

1. e4 d5 2. exd5 Nf6 3. d4 Nxd5 4. Nf3 Bg4 5. Be2 e6 6. O-O Bd6 7. c4 Nf4 8.
Bxf4 Bxf4 9. Nc3 O-O 10. Qb3 Nc6 11. Qxb7 Qd7 12. d5 Bxf3 13. Bxf3 Nd4 14. dxe6
fxe6 15. Bg4 Rab8 16. Qe4 Qd6 17. g3 Rxb2 18. Rad1 Bd2 19. Nb1 Nf5 20. Rxd2
Rxd2 21. Nxd2 h5 22. Bxf5 exf5 23. Qf4 Qd3 24. Re1 Rd8 25. Nf3 Qc3 26. Qxc7 Rd3
27. Qc8+ 1-0

[Event "Seniorenkampioenschap 2014"]
[Site "Oosterbeek, Netherlands"]
[Date "2014.07.07"]
[Round "3"]
[White "Vogel, Jaap"]
[Black "Schouten, Nico"]
[Result "1-0"]
[WhiteElo "2217"]
[BlackElo "2232"]
[PlyCount "67"]
[EventDate "2014.??.??"]

1. d4 Nf6 2. Nf3 g6 3. g3 Bg7 4. Bg2 O-O 5. O-O d6 6. c4 Na6 7. Nc3 c5 8. b3
Bd7 9. Bb2 Rb8 10. h3 Bc6 11. Nb5 Bxf3 12. Bxf3 Qd7 13. Bg2 b6 14. Nc3 cxd4 15.
Qxd4 Ne8 16. Qd2 Nec7 17. Rac1 b5 18. cxb5 Nxb5 19. Nd5 Bxb2 20. Qxb2 Nbc7 21.
Nf4 Nc5 22. Rfd1 Qb5 23. h4 a5 24. h5 a4 25. h6 f6 26. Bd5+ Kh8 27. Bc4 Qb6 28.
Qc2 f5 29. bxa4 Qb2 30. Bb3 Qf6 31. Qd2 g5 32. Nh5 Ne4 33. Nxf6 Nxd2 34. Rxd2
1-0